Szereday Miklós gratuláló levele Szent-Györgyi Alberthez

Elmentve itt :
Bibliográfiai részletek
Szerző: Szereday Miklós
Dokumentumtípus: Kézirat
Megjelent: 1937-11-04
Kulcsszavak:Levelezés - Szereday Miklós - Szent-Györgyi Albert, Nobel-díj - 1937
Online Access:http://misc.bibl.u-szeged.hu/47788
LEADER 00651ntm a2200169 i 4500
001 misc47788
005 20241213113547.0
008 201211s1937 hu o 000 hun d
040 |a SZTE Miscellanea Repozitórium  |b hun 
041 |a hun 
100 1 |a Szereday Miklós 
245 1 0 |a Szereday Miklós gratuláló levele Szent-Györgyi Alberthez  |h [elektronikus dokumentum] /  |c  Szereday Miklós 
260 |c 1937-11-04 
300 |a 1 fol. 
561 |a Szent-Györgyi Albert gratuláló levelek 
695 |a Levelezés - Szereday Miklós - Szent-Györgyi Albert, Nobel-díj - 1937 
856 4 0 |u http://misc.bibl.u-szeged.hu/47788/1/1937_nov_3_040.pdf  |z Dokumentum-elérés